000 00705nam a2200205Ii 4500
003 JO-AjNU
008 230605s9999||||xx |||||||||||||| ||und||
040 _aJO-AjNU
_bara
_erda
_cJO-AjNU
041 _aara
050 1 4 _aLB1025.A226 1985
100 3 _aعبد الرحيم،عبد المجيد,
_eauthor
_97645
245 0 0 _aقواعد التربية والتدريس في الحضانة ورياض الأطفال
250 _aط2
264 3 1 _aالقاهرة:مكتبة الأنجلو المصرية،1985
300 _a311ص
336 _atext
_btxt
_2rdacontent
337 _aunmediated
_bn
_2rdamedia
338 _avolume
_bnc
_2rdacarrier
650 4 _a التدريس. أطفال-تعليم.
_97646
999 _aA385
_c3953
_d3953